=LDR 00000nam 2200000 4500 =001 INLIS000000000034774 =005 20160628132619.0 =006 =007 =008 ind =035 ##$$0010-061300000034774 =041 ##$$a ind =082 ##$$a F Rom K =090 ##$$a F Rom K, Jef k =100 ##$$a JEFFREY, Gary =245 ##$$a Komik bencana alam badai topan, Gary Jeffrey ; alih bahasa, Joe Lesmana =260 ##$$a 2009 $b Jakarta =300 ##$$a 48 hlm, ilus, 24 cm =650 ##$$a Fiksa Kanak - kanak =700 ##$$a Lesmana, Joe =850 ##$$a NBPNMAT =990 ##$$a 0001/BPAP-NTB/20142015